Las ideas fundamentales del Vaticano II (Record no. 98263)

MARC details
000 -LEADER
campo de control de longitud fija 00514nam a2200157 i 4500
001 - NÚMERO DE CONTROL
campo de control 98263
003 - IDENTIFICADOR DE NÚMERO DE CONTROL
campo de control ES-MaACL
007 - CAMPO FIJO DE DESCRIPCIÓN FÍSICA--INFORMACIÓN GENERAL
campo de control de longitud fija t|
008 - DATOS DE LONGITUD FIJA--INFORMACIÓN GENERAL
campo de control de longitud fija 050727s1968 sp ||||1| spa d
100 1# - ENTRADA PRINCIPAL--NOMBRE DE PERSONA
Nombre de persona Martelet, Gustave.
9 (RLIN) 77164
245 14 - MENCIÓN DEL TÍTULO
Título Las ideas fundamentales del Vaticano II
Resto del título : iniciación al espíritu del Concilio /
Mención de responsabilidad, etc. Gustave Martelet; traducción de J. A. Pombo.
260 ## - PUBLICACIÓN, DISTRIBUCIÓN, ETC.
Lugar de publicación, distribución, etc. Barcelona :
Nombre del editor, distribuidor, etc. Herder,
Fecha de publicación, distribución, etc. 1968.
300 ## - DESCRIPCIÓN FÍSICA
Extensión 268 p. ;
Dimensiones 22 cm.
700 1# - ENTRADA AGREGADA--NOMBRE PERSONAL
Nombre de persona Pombo, Josep A.
9 (RLIN) 92907
852 ## - LOCALIZACIÓN
Ubicación ES-MaACL
Número de control de estantería G-6726
Sublocalización o colección R.65510
Holdings
Estatus retirado Estado de pérdida Estado de daño No para préstamo Biblioteca de origen Biblioteca actual Ubicación en estantería Fecha de adquisición Fuente de adquisición Total de préstamos Signatura topográfica completa Código de barras Visto por última vez Precio de reemplazo Tipo de ítem Koha
        Biblioteca del Ateneo de Madrid Biblioteca del Ateneo de Madrid Depósito 2 17/01/2008     G-6726 1102580 23/02/2023 23/02/2023 Libro impreso